| 000 | 00561nam a2200217Ia 4500 | ||
|---|---|---|---|
| 003 | OSt | ||
| 005 | 20230605114636.0 | ||
| 008 | 210423s2011 xx 000 0 und d | ||
| 020 | _a978-81-8193-060-6 | ||
| 040 | _cAL | ||
| 041 | _aeng | ||
| 082 | _a613.0433 BHAA | ||
| 100 |
_aBHAVE (Swati Y) _937564 |
||
| 245 | _aAdolescent health: case scenarios | ||
| 260 |
_aDelhi _bByword Books _c2011 |
||
| 300 |
_axx,384 _bHB |
||
| 365 |
_b995 _cINR |
||
| 650 |
_aHealth Promotion _937565 |
||
| 906 | _aAdolescent ; case ; health: ; scenarios | ||
| 942 |
_2ddc _cBK |
||
| 999 |
_c176610 _d176610 |
||